[Event "WCO 2016"]
[Site "?"]
[Date "2016.09.11"]
[Round "9"]
[Board "31"]
[WhiteID "4000471"]
[White "Wagener Claude"]
[BlackID "4300106"]
[Black "Dive Russell John"]
[Result "0-1"]
[BlackElo "2309"]
[WhiteElo "2295"]
[LiveChessVersion "1.4.8"]

1. e4 {[%clk 1:30:57]} c6 {[%clk 1:30:56]} 2. d4 {[%clk 1:31:19]} d5
{[%clk 1:31:25]} 3. Nc3 {[%clk 1:31:41]} dxe4 {[%clk 1:31:49]} 4. Nxe4
{[%clk 1:32:05]} Bf5 {[%clk 1:32:12]} 5. Ng3 {[%clk 1:31:59]} Bg6
{[%clk 1:32:41]} 6. Nh3 {[%clk 1:31:34]} e6 {[%clk 1:32:39]} 7. Nf4
{[%clk 1:31:17]} Bd6 {[%clk 1:32:54]} 8. h4 {[%clk 1:31:07]} Qc7 {[%clk 1:33:15]}
9. Nxg6 {[%clk 1:31:11]} hxg6 {[%clk 1:33:38]} 10. Ne4 {[%clk 1:31:21]} Bf4
{[%clk 1:33:49]} 11. Bxf4 {[%clk 1:31:26]} Qxf4 {[%clk 1:34:18]} 12. Ng5
{[%clk 1:31:38]} Nd7 {[%clk 1:31:04]} 13. g3 {[%clk 1:28:45]} Qc7
{[%clk 1:26:46]} 14. Bg2 {[%clk 1:25:37]} Nh6 15. O-O {[%clk 1:17:36]} Nf6
{[%clk 1:10:54]} 16. c3 {[%clk 0:59:39]} Nf5 {[%clk 1:07:23]} 17. Qf3
{[%clk 0:58:23]} O-O {[%clk 1:04:52]} 18. Rfe1 {[%clk 0:52:22]} a5
{[%clk 0:59:16]} 19. Rad1 {[%clk 0:45:52]} Rab8 {[%clk 0:47:47]} 20. Qe2
{[%clk 0:40:42]} b5 {[%clk 0:42:20]} 21. Nf3 {[%clk 0:38:55]} c5 {[%clk 0:41:27]}
22. dxc5 {[%clk 0:32:52]} Qxc5 {[%clk 0:41:55]} 23. Qe5 {[%clk 0:32:50]} Qb6
{[%clk 0:30:29]} 24. Nd4 {[%clk 0:29:35]} Nxd4 {[%clk 0:24:41]} 25. Rxd4
{[%clk 0:29:42]} Rfd8 {[%clk 0:23:18]} 26. Red1 {[%clk 0:28:36]} b4
{[%clk 0:21:34]} 27. c4 {[%clk 0:24:43]} Rxd4 {[%clk 0:19:05]} 28. Qxd4
{[%clk 0:24:11]} Qxd4 {[%clk 0:18:55]} 29. Rxd4 {[%clk 0:24:36]} Rc8
{[%clk 0:18:57]} 30. b3 {[%clk 0:18:49]} Kf8 {[%clk 0:18:54]} 31. Rd6
{[%clk 0:16:28]} Rc5 {[%clk 0:09:22]} 32. Ra6 {[%clk 0:14:01]} Ne8
{[%clk 0:09:33]} 33. Bc6 {[%clk 0:09:14]} Nc7 {[%clk 0:09:27]} 34. Rb6
{[%clk 0:09:40]} Ke7 {[%clk 0:09:37]} 35. Kf1 {[%clk 0:09:04]} Kd6
{[%clk 0:06:00]} 36. Ba4+ {[%clk 0:06:31]} Ke5 {[%clk 0:04:34]} 37. Ke2
{[%clk 0:06:48]} Kd4 {[%clk 0:04:14]} 38. Rd6+ {[%clk 0:05:23]} Kc3
{[%clk 0:04:18]} 39. Rd7 {[%clk 0:04:52]} Re5+ {[%clk 0:04:34]} 40. Kf1
{[%clk 0:32:49]} Na6 {[%clk 0:35:00]} 41. Bb5 {[%clk 0:30:26]} Nc5
{[%clk 0:34:56]} 42. Ra7 {[%clk 0:26:53]} Nxb3 {[%clk 0:27:37]} 43. axb3
{[%clk 0:15:34]} Kxb3 {[%clk 0:27:57]} 44. f4 {[%clk 0:15:09]} Rc5
{[%clk 0:21:19]} 45. Ke2 {[%clk 0:13:49]} Kc3 {[%clk 0:21:37]} 46. Rd7
{[%clk 0:13:54]} b3 {[%clk 0:21:24]} 47. Rd3+ {[%clk 0:13:32]} Kb4
{[%clk 0:21:20]} 48. Kd2 {[%clk 0:11:03]} g5 {[%clk 0:16:25]} 49. hxg5
{[%clk 0:10:22]} Rc8 {[%clk 0:16:39]} 50. Kc1 {[%clk 0:06:52]} Rh8
{[%clk 0:14:35]} 51. Rd2 {[%clk 0:06:25]} Kc3 {[%clk 0:10:20]} 52. Bc6
{[%clk 0:06:46]} a4 {[%clk 0:10:38]} 53. Bxa4 {[%clk 0:06:07]} Ra8
{[%clk 0:10:54]} 54. Re2 {[%clk 0:05:01]} Rxa4 {[%clk 0:10:46]} 55. Re3+
{[%clk 0:03:54]} Kb4 {[%clk 0:09:48]} 56. g6 {[%clk 0:01:42]} Ra1+
{[%clk 0:08:03]} 57. Kb2 {[%clk 0:02:07]} Ra2+ {[%clk 0:08:26]} 58. Kb1
{[%clk 0:02:33]} fxg6 {[%clk 0:08:18]} 59. Rxe6 {[%clk 0:02:42]} Rg2
{[%clk 0:08:21]} 60. c5 {[%clk 0:02:09]} Rxg3 {[%clk 0:08:15]} 61. c6
{[%clk 0:02:05]} Ka3 {[%clk 0:02:47]} 62. Re1 {[%clk 0:02:00]} Rc3
{[%clk 0:02:12]} 63. Re7 {[%clk 0:01:35]} Rxc6 {[%clk 0:01:55]} 64. Rxg7
{[%clk 0:01:21]} Rf6 {[%clk 0:01:36]} 65. Ra7+ {[%clk 0:01:37]} Kb4
{[%clk 0:02:00]} 66. Rg7 {[%clk 0:01:27]} Kc3 {[%clk 0:02:12]} 67. Rc7+
{[%clk 0:00:46]} Kd4 {[%clk 0:01:18]} 68. Kb2 {[%clk 0:00:40]} Ke3
{[%clk 0:01:12]} 69. Kxb3 {[%clk 0:00:46]} Kxf4 {[%clk 0:01:19]} 70. Kc4
{[%clk 0:00:35]} g5 {[%clk 0:01:25]} 71. Kd5 {[%clk 0:00:49]} g4 {[%clk 0:01:33]}
72. Rc4+ {[%clk 0:01:00]} Kf3 {[%clk 0:01:46]} 73. Ke5 {[%clk 0:01:19]} Rf8
{[%clk 0:01:48]} 74. Rc3+ {[%clk 0:01:40]} Kg2 {[%clk 0:01:42]} 75. Ke4
{[%clk 0:01:43]} g3 {[%clk 0:02:03]} 76. Rc2+ {[%clk 0:01:48]} Kg1
{[%clk 0:02:05]} 77. Ke3 {[%clk 0:02:00]} g2 {[%clk 0:01:18]} 78. Rc7
{[%clk 0:02:12]} Rf1 {[%clk 0:01:09]} 79. Rg7 {[%clk 0:01:41]} Ra1
{[%clk 0:00:53]} 80. Ke2 {[%clk 0:01:44]} Ra2+ {[%clk 0:00:41]} 81. Ke1
{[%clk 0:02:10]} Ra5 {[%clk 0:00:38]} 82. Ke2 {[%clk 0:02:31]} Ra2+
{[%clk 0:00:38]} 83. Ke1 {[%clk 0:02:57]} Ra8 {[%clk 0:01:02]} 84. Ke2
{[%clk 0:01:35]} Re8+ {[%clk 0:01:10]} 85. Kf3 {[%clk 0:01:46]} Kf1
{[%clk 0:01:31]} 0-1

[Event "WCO 2016"]
[Site "?"]
[Date "2016.09.11"]
[Round "9"]
[Board "32"]
[WhiteID "405647"]
[White "Hague Ben"]
[BlackID "4000501"]
[Black "Mertens Marc"]
[Result "1/2-1/2"]
[BlackElo "2181"]
[WhiteElo "2341"]
[LiveChessVersion "1.4.8"]

1. e4 {[%clk 1:30:55]} c5 {[%clk 1:30:54]} 2. Nf3 {[%clk 1:31:21]} d6
{[%clk 1:31:19]} 3. d4 {[%clk 1:31:47]} cxd4 {[%clk 1:31:44]} 4. Nxd4
{[%clk 1:32:13]} Nf6 {[%clk 1:32:08]} 5. Nc3 {[%clk 1:32:36]} a6 {[%clk 1:32:25]}
6. Bg5 {[%clk 1:33:01]} Nbd7 {[%clk 1:32:40]} 7. Qe2 {[%clk 1:32:56]} e6
{[%clk 1:32:34]} 8. f4 {[%clk 1:32:23]} Qc7 {[%clk 1:32:42]} 9. O-O-O
{[%clk 1:32:17]} b5 {[%clk 1:27:29]} 10. a3 {[%clk 1:31:27]} Be7 {[%clk 1:25:53]}
11. g4 {[%clk 1:30:07]} Rb8 {[%clk 1:23:31]} 12. Bg2 {[%clk 1:25:51]} Bb7
{[%clk 1:16:41]} 13. Rhe1 {[%clk 1:14:01]} O-O {[%clk 0:57:49]} 14. f5
{[%clk 0:57:45]} e5 {[%clk 0:48:32]} 15. Nf3 {[%clk 0:56:20]} Rfc8
{[%clk 0:46:29]} 16. Bxf6 {[%clk 0:44:05]} Nxf6 {[%clk 0:46:14]} 17. g5
{[%clk 0:41:56]} Nh5 {[%clk 0:42:49]} 18. Rd2 {[%clk 0:39:21]} Bf8
{[%clk 0:34:54]} 19. f6 {[%clk 0:33:06]} Nf4 {[%clk 0:33:40]} 20. Qd1
{[%clk 0:32:34]} Qa5 {[%clk 0:30:55]} 21. Na2 {[%clk 0:29:32]} b4
{[%clk 0:23:45]} 22. fxg7 {[%clk 0:24:16]} Kxg7 {[%clk 0:24:05]} 23. Kb1
{[%clk 0:23:23]} bxa3 {[%clk 0:23:30]} 24. b3 {[%clk 0:23:45]} Rc6
{[%clk 0:20:22]} 25. Bf1 {[%clk 0:22:20]} Bc8 {[%clk 0:20:38]} 26. Re3
{[%clk 0:21:13]} Be6 {[%clk 0:20:28]} 27. Nh4 {[%clk 0:20:27]} Qc7
{[%clk 0:17:16]} 28. Ng2 {[%clk 0:19:38]} a5 {[%clk 0:16:47]} 29. Nxf4
{[%clk 0:18:35]} exf4 {[%clk 0:17:11]} 30. Red3 {[%clk 0:18:44]} a4
{[%clk 0:15:12]} 31. Bh3 {[%clk 0:18:04]} axb3 {[%clk 0:14:37]} 32. cxb3
{[%clk 0:18:30]} Bxb3 {[%clk 0:10:05]} 33. Rxb3 {[%clk 0:17:49]} Rxb3+
{[%clk 0:10:23]} 34. Qxb3 {[%clk 0:18:12]} Rb6 {[%clk 0:10:50]} 35. Nb4
{[%clk 0:17:29]} d5 {[%clk 0:11:16]} 36. Ka2 {[%clk 0:16:25]} Bxb4
{[%clk 0:06:06]} 37. Rc2 {[%clk 0:16:29]} Bd6 {[%clk 0:03:21]} 38. Qd3
{[%clk 0:13:05]} Rb2+ {[%clk 0:02:37]} 39. Rxb2 {[%clk 0:13:30]} axb2
{[%clk 0:03:05]} 40. exd5 {[%clk 0:43:01]} Be5 {[%clk 0:32:52]} 41. Bf5
{[%clk 0:42:24]} Qa5+ {[%clk 0:19:25]} 42. Kb3 {[%clk 0:41:32]} Qb6+
{[%clk 0:19:41]} 43. Ka2 {[%clk 0:41:53]} Qb4 {[%clk 0:19:08]} 44. Qa3
{[%clk 0:36:09]} Qxa3+ {[%clk 0:16:10]} 45. Kxa3 {[%clk 0:36:34]} f3
{[%clk 0:16:37]} 46. Ka2 {[%clk 0:36:41]} f2 {[%clk 0:17:02]} 47. Bd3
{[%clk 0:36:59]} Kf8 {[%clk 0:04:51]} 48. d6 {[%clk 0:36:01]} Bxd6
{[%clk 0:05:08]} 49. Kxb2 {[%clk 0:36:23]} Bxh2 {[%clk 0:05:35]} 50. Kc2
{[%clk 0:36:07]} Bf4 {[%clk 0:05:46]} 51. Kd1 {[%clk 0:36:28]} Bxg5
{[%clk 0:05:06]} 52. Ke2 {[%clk 0:36:52]} Kg7 {[%clk 0:05:23]} 53. Kxf2
{[%clk 0:37:18]} h5 {[%clk 0:05:40]} 54. Kg2 {[%clk 0:37:43]} 1/2-1/2

[Event "WCO 2016"]
[Site "?"]
[Date "2016.09.11"]
[Round "9"]
[Board "29"]
[WhiteID "5901871"]
[White "Michaelides Konstantinos"]
[BlackID "6600581"]
[Black "Tapia Alexei"]
[Result "1/2-1/2"]
[BlackElo "2183"]
[WhiteElo "2060"]
[LiveChessVersion "1.4.8"]

1. e4 {[%clk 1:30:59]} c5 {[%clk 1:30:18]} 2. Nf3 {[%clk 1:31:11]} e6
{[%clk 1:30:37]} 3. d4 {[%clk 1:31:21]} cxd4 {[%clk 1:30:47]} 4. Nxd4
{[%clk 1:31:45]} Nc6 {[%clk 1:31:11]} 5. Nc3 {[%clk 1:32:07]} a6 {[%clk 1:31:27]}
6. Nxc6 {[%clk 1:32:27]} bxc6 {[%clk 1:31:47]} 7. Bd3 {[%clk 1:32:49]} d5
{[%clk 1:32:11]} 8. O-O {[%clk 1:33:10]} Nf6 {[%clk 1:32:25]} 9. Re1
{[%clk 1:33:30]} Be7 {[%clk 1:32:34]} 10. e5 {[%clk 1:33:35]} Nd7
{[%clk 1:32:54]} 11. Qg4 {[%clk 1:33:41]} Kf8 {[%clk 1:32:53]} 12. Na4
{[%clk 1:33:44]} Qa5 {[%clk 1:31:36]} 13. Re2 {[%clk 1:33:04]} Qb4
{[%clk 1:31:15]} 14. Qxb4 {[%clk 1:24:28]} Bxb4 {[%clk 1:31:41]} 15. c4
{[%clk 1:20:47]} h5 {[%clk 1:29:30]} 16. f4 {[%clk 1:14:52]} Nc5 {[%clk 1:25:16]}
17. Nxc5 {[%clk 1:09:41]} Bxc5+ {[%clk 1:25:44]} 18. Be3 {[%clk 1:08:56]} Bxe3+
{[%clk 1:23:53]} 19. Rxe3 {[%clk 1:09:24]} d4 {[%clk 1:22:18]} 20. Re2
{[%clk 1:08:03]} c5 {[%clk 1:22:00]} 21. b4 {[%clk 1:00:33]} cxb4
{[%clk 1:20:42]} 22. Be4 {[%clk 0:59:41]} Rb8 {[%clk 1:16:46]} 23. Rb2
{[%clk 0:48:54]} a5 {[%clk 1:12:05]} 24. Rab1 {[%clk 0:46:49]} Ba6
{[%clk 1:07:57]} 25. a3 {[%clk 0:43:45]} Bxc4 {[%clk 1:04:07]} 26. axb4
{[%clk 0:43:35]} a4 {[%clk 1:04:28]} 27. Ra1 {[%clk 0:39:52]} Bb5
{[%clk 0:56:34]} 28. Bc2 {[%clk 0:35:45]} d3 {[%clk 0:55:34]} 29. Bxa4
{[%clk 0:32:03]} Ra8 {[%clk 0:55:02]} 30. Rba2 {[%clk 0:31:58]} Rxa4
{[%clk 0:54:11]} 31. Rxa4 {[%clk 0:32:17]} Bxa4 {[%clk 0:54:31]} 32. Rxa4
{[%clk 0:32:41]} d2 {[%clk 0:54:38]} 33. Ra1 {[%clk 0:31:23]} Ke7
{[%clk 0:54:34]} 34. Rd1 {[%clk 0:28:58]} Rb8 {[%clk 0:52:52]} 35. Rxd2
{[%clk 0:29:10]} Rxb4 {[%clk 0:53:16]} 36. g3 {[%clk 0:28:05]} h4
{[%clk 0:52:27]} 37. Kg2 {[%clk 0:27:30]} hxg3 {[%clk 0:51:40]} 38. hxg3
{[%clk 0:26:39]} g5 {[%clk 0:51:58]} 39. Kf3 {[%clk 0:26:15]} gxf4
{[%clk 0:51:50]} 40. gxf4 {[%clk 0:56:38]} Rb3+ {[%clk 1:21:29]} 41. Kg4
{[%clk 0:56:12]} Rb1 {[%clk 1:21:41]} 42. Ra2 {[%clk 0:53:03]} Kf8
{[%clk 1:21:02]} 43. Kf3 {[%clk 0:53:07]} Rb3+ {[%clk 1:20:06]} 44. Ke4
{[%clk 0:52:18]} Rg3 {[%clk 1:20:20]} 45. Rf2 {[%clk 0:52:03]} Kg7
{[%clk 1:20:25]} 46. Ra2 {[%clk 0:51:21]} Rg1 {[%clk 1:17:49]} 47. Kf3
{[%clk 0:50:47]} f6 {[%clk 1:17:05]} 48. exf6+ {[%clk 0:49:49]} Kxf6 1/2-1/2

[Event "WCO 2016"]
[Site "?"]
[Date "2016.09.11"]
[Round "9"]
[Board "30"]
[WhiteID "6601243"]
[White "Ulloa Ruben Guillermo"]
[BlackID "5900328"]
[Black "Constantinou Pavlos"]
[Result "0-1"]
[BlackElo "2058"]
[WhiteElo "2128"]
[LiveChessVersion "1.4.8"]

1. d4 {[%clk 1:30:58]} Nf6 {[%clk 1:30:44]} 2. c4 {[%clk 1:31:06]} e6
{[%clk 1:31:07]} 3. g3 {[%clk 1:29:40]} d5 {[%clk 1:30:36]} 4. Nf3
{[%clk 1:29:46]} dxc4 {[%clk 1:30:51]} 5. Bg2 {[%clk 1:28:49]} Bd7
{[%clk 1:31:15]} 6. Ne5 {[%clk 1:29:00]} Bc6 {[%clk 1:31:39]} 7. Nxc6
{[%clk 1:29:21]} Nxc6 {[%clk 1:32:02]} 8. O-O {[%clk 1:28:59]} Qd7
{[%clk 1:32:20]} 9. e3 {[%clk 1:28:30]} O-O-O {[%clk 1:32:39]} 10. Qa4
{[%clk 1:25:49]} Nd5 {[%clk 1:32:58]} 11. Qxc4 {[%clk 1:26:10]} h5
{[%clk 1:32:37]} 12. Nc3 {[%clk 1:25:18]} h4 {[%clk 1:32:34]} 13. Bd2
{[%clk 1:21:21]} f5 {[%clk 1:32:19]} 14. Rab1 {[%clk 1:16:33]} g5
{[%clk 1:29:13]} 15. b4 {[%clk 1:14:27]} hxg3 {[%clk 1:28:48]} 16. hxg3
{[%clk 1:13:44]} f4 {[%clk 1:12:30]} 17. Nxd5 {[%clk 1:06:25]} exd5
{[%clk 1:12:43]} 18. Qd3 {[%clk 1:06:39]} fxg3 {[%clk 1:02:32]} 19. fxg3
{[%clk 1:07:01]} Kb8 {[%clk 0:49:56]} 20. b5 {[%clk 1:00:19]} Ne7
{[%clk 0:48:58]} 21. e4 {[%clk 0:58:44]} dxe4 {[%clk 0:46:15]} 22. Qxe4
{[%clk 0:59:02]} Qd5 {[%clk 0:29:54]} 23. Bxg5 {[%clk 0:54:50]} Qxe4
{[%clk 0:26:30]} 24. Bxe4 {[%clk 0:55:11]} Rg8 {[%clk 0:23:45]} 25. Rxf8
{[%clk 0:53:19]} Rdxf8 {[%clk 0:23:42]} 26. Bxe7 {[%clk 0:53:20]} Re8
{[%clk 0:21:58]} 27. Bd5 {[%clk 0:52:00]} Rxg3+ {[%clk 0:21:41]} 28. Kf2
{[%clk 0:46:58]} Rg4 {[%clk 0:19:27]} 29. Bc5 {[%clk 0:45:42]} b6
{[%clk 0:13:17]} 30. Bc6 {[%clk 0:41:29]} Reg8 {[%clk 0:12:19]} 31. Bb4
{[%clk 0:37:34]} Rxd4 {[%clk 0:11:56]} 32. a3 {[%clk 0:37:56]} Rc4
{[%clk 0:10:47]} 33. Rb2 {[%clk 0:30:33]} a5 {[%clk 0:07:34]} 34. Be7
{[%clk 0:26:07]} Rf4+ {[%clk 0:06:30]} 35. Ke3 {[%clk 0:23:54]} Rf7
{[%clk 0:05:41]} 36. Bh4 {[%clk 0:23:14]} Rh7 {[%clk 0:05:51]} 37. Be1
{[%clk 0:22:12]} Re7+ {[%clk 0:06:04]} 38. Kf2 {[%clk 0:11:09]} Rf8+
{[%clk 0:05:08]} 39. Bf3 {[%clk 0:11:32]} Rxe1 {[%clk 0:05:00]} 40. Rb3
{[%clk 0:38:48]} Re5 {[%clk 0:34:31]} 41. Kg2 {[%clk 0:35:45]} Rg5+
{[%clk 0:33:53]} 42. Kf2 {[%clk 0:35:56]} a4 {[%clk 0:33:32]} 43. Re3
{[%clk 0:31:56]} Rxb5 {[%clk 0:32:46]} 44. Ke2 {[%clk 0:32:17]} Rb2+
{[%clk 0:32:45]} 0-1

[Event "WCO 2016"]
[Site "?"]
[Date "2016.09.11"]
[Round "9"]
[Board "31"]
[WhiteID "5901545"]
[White "Theocharous Stelios"]
[BlackID "6100538"]
[Black "Ramos Efren Andres"]
[Result "1-0"]
[BlackElo "2199"]
[WhiteElo "2065"]
[LiveChessVersion "1.4.8"]

1. e4 {[%clk 1:30:58]} c5 {[%clk 1:30:31]} 2. Nf3 {[%clk 1:31:21]} d6
{[%clk 1:30:49]} 3. d4 {[%clk 1:31:46]} cxd4 {[%clk 1:31:11]} 4. Nxd4
{[%clk 1:32:12]} Nf6 {[%clk 1:31:36]} 5. Nc3 {[%clk 1:32:39]} a6 {[%clk 1:32:00]}
6. Be2 {[%clk 1:33:03]} e5 {[%clk 1:31:07]} 7. Nb3 {[%clk 1:33:27]} Be7
{[%clk 1:31:05]} 8. O-O {[%clk 1:33:15]} O-O {[%clk 1:29:40]} 9. Be3
{[%clk 1:33:00]} Be6 {[%clk 1:28:38]} 10. f3 {[%clk 1:26:52]} Nbd7
{[%clk 1:25:15]} 11. a4 {[%clk 1:25:42]} Rc8 {[%clk 1:23:10]} 12. Qd2
{[%clk 1:24:04]} Qc7 {[%clk 1:23:00]} 13. a5 {[%clk 1:23:33]} Rfd8
{[%clk 1:20:58]} 14. Rfd1 {[%clk 1:10:27]} Nc5 {[%clk 1:10:44]} 15. Nd5
{[%clk 0:44:24]} Bxd5 {[%clk 0:54:53]} 16. exd5 {[%clk 0:44:46]} Nxb3
{[%clk 0:54:26]} 17. cxb3 {[%clk 0:45:11]} Qc2 {[%clk 0:51:29]} 18. Bc4
{[%clk 0:42:15]} Qxd2 {[%clk 0:50:47]} 19. Rxd2 {[%clk 0:42:39]} Nd7
{[%clk 0:50:43]} 20. Rc2 {[%clk 0:41:15]} Rc7 {[%clk 0:32:59]} 21. Rac1
{[%clk 0:38:59]} Rdc8 {[%clk 0:32:46]} 22. Bb6 {[%clk 0:33:54]} Nxb6
{[%clk 0:28:39]} 23. axb6 {[%clk 0:34:18]} Rd7 {[%clk 0:28:08]} 24. Bxa6
{[%clk 0:31:58]} Rxc2 {[%clk 0:09:26]} 25. Rxc2 {[%clk 0:32:24]} Bg5
{[%clk 0:09:13]} 26. Rc7 {[%clk 0:22:18]} Be3+ {[%clk 0:07:42]} 27. Kf1
{[%clk 0:22:41]} Rd8 {[%clk 0:07:51]} 28. Rxb7 {[%clk 0:22:22]} g6
{[%clk 0:06:15]} 29. Ke2 {[%clk 0:21:40]} Bg1 {[%clk 0:06:23]} 30. Kd3
{[%clk 0:19:06]} Kg7 {[%clk 0:06:17]} 31. Kc4 {[%clk 0:15:53]} Kf6
{[%clk 0:05:23]} 32. Kb5 {[%clk 0:15:40]} Ra8 {[%clk 0:02:52]} 33. Rc7
{[%clk 0:13:44]} Rb8 {[%clk 0:02:27]} 34. b7 {[%clk 0:12:37]} h5 {[%clk 0:02:39]}
35. Rc8 {[%clk 0:12:46]} 1-0

[Event "WCO 2016"]
[Site "?"]
[Date "2016.09.11"]
[Round "9"]
[Board "32"]
[WhiteID "6600360"]
[White "Mathews Cesar"]
[BlackID "5904358"]
[Black "Demosthenous Andreas"]
[Result "0-1"]
[BlackElo "1983"]
[WhiteElo "2116"]
[LiveChessVersion "1.4.8"]

1. e4 {[%clk 1:30:51]} c5 {[%clk 1:30:56]} 2. Nf3 {[%clk 1:31:17]} Nc6
{[%clk 1:31:21]} 3. d4 {[%clk 1:31:41]} cxd4 {[%clk 1:31:46]} 4. Nxd4
{[%clk 1:31:59]} g6 {[%clk 1:32:12]} 5. Nc3 {[%clk 1:32:12]} Bg7 {[%clk 1:32:32]}
6. Be3 {[%clk 1:32:37]} Nf6 {[%clk 1:32:53]} 7. Bc4 {[%clk 1:32:35]} O-O
{[%clk 1:33:16]} 8. Bb3 {[%clk 1:32:27]} a5 {[%clk 1:33:40]} 9. O-O
{[%clk 1:32:05]} a4 {[%clk 1:33:15]} 10. Nxa4 {[%clk 1:32:24]} Nxe4
{[%clk 1:33:33]} 11. Nb5 {[%clk 1:32:47]} Ra6 {[%clk 1:31:38]} 12. Nd4
{[%clk 1:26:59]} Nxd4 {[%clk 1:23:01]} 13. Bxd4 {[%clk 1:23:34]} Rd6
{[%clk 1:21:51]} 14. c3 {[%clk 1:21:47]} b5 {[%clk 1:21:43]} 15. Nb6
{[%clk 1:21:54]} Bxd4 {[%clk 1:20:31]} 0-1

[Event "WCO 2016"]
[Site "?"]
[Date "2016.09.11"]
[Round "9"]
[Board "33"]
[WhiteID "4800800"]
[White "Ismael Namir Mohammed Ismael"]
[BlackID "7600801"]
[Black "Rayes Abdul Kader"]
[Result "1-0"]
[BlackElo "2254"]
[WhiteElo "2161"]
[LiveChessVersion "1.4.8"]

1. d4 {[%clk 1:30:55]} Nf6 {[%clk 1:30:54]} 2. Nf3 {[%clk 1:31:16]} e6
{[%clk 1:31:19]} 3. g3 {[%clk 1:30:58]} d5 {[%clk 1:27:13]} 4. Bg2
{[%clk 1:30:23]} Nbd7 {[%clk 1:26:50]} 5. O-O {[%clk 1:28:29]} b5
{[%clk 1:24:44]} 6. c3 {[%clk 1:16:18]} c5 {[%clk 1:23:40]} 7. Bf4
{[%clk 1:08:26]} Qb6 {[%clk 1:19:14]} 8. Nbd2 {[%clk 0:57:13]} Bb7
{[%clk 1:13:26]} 9. a4 {[%clk 0:56:04]} cxd4 {[%clk 1:07:05]} 10. a5
{[%clk 0:50:05]} Qa6 {[%clk 1:06:24]} 11. cxd4 {[%clk 0:48:51]} Be7
{[%clk 1:03:55]} 12. Ne1 {[%clk 0:40:42]} b4 {[%clk 0:43:52]} 13. Nd3
{[%clk 0:32:28]} Qb5 {[%clk 0:43:51]} 14. Qb3 {[%clk 0:23:33]} Bc6
{[%clk 0:44:04]} 15. Rfc1 {[%clk 0:23:13]} O-O {[%clk 0:44:09]} 16. Bf1
{[%clk 0:08:22]} Ne4 {[%clk 0:38:09]} 17. f3 {[%clk 0:06:01]} Nef6
{[%clk 0:26:16]} 18. e4 {[%clk 0:04:16]} Qb7 {[%clk 0:25:10]} 19. e5
{[%clk 0:03:12]} Ne8 {[%clk 0:18:46]} 20. Rc2 {[%clk 0:03:31]} Bb5
{[%clk 0:17:35]} 21. Rac1 {[%clk 0:03:02]} Rb8 {[%clk 0:17:46]} 22. Ne1
{[%clk 0:01:28]} Bxf1 {[%clk 0:14:54]} 23. Nxf1 {[%clk 0:01:42]} Qb5
{[%clk 0:14:58]} 24. Ra1 {[%clk 0:01:34]} Rb7 {[%clk 0:11:27]} 25. Qd3
{[%clk 0:01:30]} f6 {[%clk 0:06:16]} 26. Qxb5 {[%clk 0:01:17]} Rxb5
{[%clk 0:06:41]} 27. Rc6 {[%clk 0:01:15]} fxe5 {[%clk 0:05:03]} 28. dxe5
{[%clk 0:00:56]} Nc5 {[%clk 0:02:25]} 29. Be3 {[%clk 0:00:57]} Nb3
{[%clk 0:02:31]} 30. Rd1 {[%clk 0:01:08]} Rxa5 {[%clk 0:00:51]} 31. Rxe6
{[%clk 0:01:21]} Bd8 {[%clk 0:00:44]} 32. f4 {[%clk 0:01:22]} d4 {[%clk 0:00:42]}
33. Bf2 {[%clk 0:01:29]} Bb6 {[%clk 0:01:12]} 34. Nf3 {[%clk 0:00:52]} Rd5
{[%clk 0:00:56]} 35. Rc6 {[%clk 0:00:54]} Nc7 {[%clk 0:00:42]} 36. N1d2
{[%clk 0:01:08]} Na5 {[%clk 0:00:41]} 37. Rcc1 {[%clk 0:01:23]} Nb5
{[%clk 0:01:06]} 38. Nc4 {[%clk 0:01:17]} Nxc4 {[%clk 0:00:34]} 39. Rxc4
{[%clk 0:01:45]} a5 {[%clk 0:00:50]} 40. Rc6 {[%clk 0:31:51]} Bc5
{[%clk 0:30:34]} 41. Ra6 {[%clk 0:31:07]} Rb8 {[%clk 0:21:24]} 42. Rxa5
{[%clk 0:30:52]} b3 {[%clk 0:21:05]} 43. Nd2 {[%clk 0:18:34]} Bb4
{[%clk 0:20:14]} 44. Raa1 {[%clk 0:08:32]} Bxd2 {[%clk 0:12:06]} 45. Rxd2
{[%clk 0:08:55]} Rc8 {[%clk 0:04:36]} 46. Rd3 {[%clk 0:02:55]} Rc2
{[%clk 0:04:54]} 47. Rxb3 {[%clk 0:03:17]} d3 {[%clk 0:05:19]} 48. Rd1
{[%clk 0:03:25]} d2 {[%clk 0:05:06]} 49. Kf1 {[%clk 0:03:50]} Rc4
{[%clk 0:01:29]} 50. Be3 {[%clk 0:03:37]} Rc2 {[%clk 0:01:00]} 51. Ke2
{[%clk 0:02:29]} g6 {[%clk 0:00:40]} 52. Rd3 {[%clk 0:02:06]} Rxb2
{[%clk 0:00:38]} 53. Rxd5 {[%clk 0:01:24]} Nc3+ {[%clk 0:01:07]} 54. Kf3
{[%clk 0:01:15]} Nxd5 {[%clk 0:00:45]} 55. Rxd2 {[%clk 0:01:37]} Rb5
{[%clk 0:00:36]} 56. g4 {[%clk 0:01:22]} Kf7 {[%clk 0:00:58]} 57. Ke4
{[%clk 0:01:26]} Nc3+ {[%clk 0:01:07]} 58. Kd4 {[%clk 0:01:39]} Nb1
{[%clk 0:01:12]} 59. Rc2 {[%clk 0:01:32]} Rb4+ {[%clk 0:00:55]} 60. Rc4
{[%clk 0:01:49]} Rb7 {[%clk 0:00:46]} 61. f5 {[%clk 0:01:55]} Na3
{[%clk 0:00:59]} 62. Rc6 {[%clk 0:01:09]} Rb4+ {[%clk 0:01:04]} 63. Kd5
{[%clk 0:01:15]} Rxg4 {[%clk 0:01:03]} 64. e6+ {[%clk 0:01:07]} Kf6
{[%clk 0:01:23]} 65. Bc5 {[%clk 0:00:48]} gxf5 {[%clk 0:00:35]} 66. e7+
{[%clk 0:00:50]} Kf7 {[%clk 0:01:01]} 67. Rf6+ {[%clk 0:00:45]} Kxf6
{[%clk 0:01:07]} 68. e8=Q {[%clk 0:01:07]} Nc2 {[%clk 0:01:07]} 69. Be7+
{[%clk 0:01:23]} Kg7 {[%clk 0:01:31]} 70. Qf8+ {[%clk 0:01:33]} Kg6
{[%clk 0:02:01]} 71. Qf6+ {[%clk 0:01:33]} Kh5 {[%clk 0:02:29]} 72. Qxf5+
{[%clk 0:01:44]} Kh6 {[%clk 0:02:51]} 73. Bf8+ {[%clk 0:02:06]} 1-0